| 000 | 00727nam a2200217Ia 4500 | ||
|---|---|---|---|
| 001 | 14458 | ||
| 008 | 191021s1966 ii a g b000 u 465 u | ||
| 020 | _a9789352533008 | ||
| 082 | _a588 | ||
| 100 |
_aBashishta, B.R. ., _eAuthor., |
||
| 245 | 0 |
_aBotany for Degree Students / : _cB.R. Bashishta. _hTextual Documents |
|
| 250 | _a2nd ed. / | ||
| 260 |
_aNew Delhi : _bS. Chand & Company , _c1966. |
||
| 300 |
_aii,284p. : : _bill ; ; _c21cm . . _aFungi (xvi, 794)p: _c21cm. _aAlgae p-1(xii, 1-612)p: _c23cm. _aBryophyta (x, 1-517)p: _c23cm. _aPteridophyta(xii, 1-628)p: |
||
| 504 | _aIndex | ||
| 653 | _aBotany | ||
| 653 | _aBryophyta, Pteridophyta, Algae, Fungi | ||
| 653 | _aG-Botany | ||
| 653 | _aPG-Botany | ||
| 942 |
_2ddc _cBK |
||
| 999 |
_c14444 _d14444 |
||